Svetlá pre biednych

Bibliographic Details
Other Authors: Slota, Bolesław (Compiler), Mišút, Viktor (Translator)
Format: Book
Language:Slovak
Polish
PhysicalDescription:225 s. ilustr. 21 cm
Published: Bratislava Redemptoristi - Slovo medzi nami 2015
ISBN:9788089342709
Edition:2., dopl. vyd.
Subjects:

MARC

LEADER 00000cam a2200000 a 4500
001 vtls010684594
003 SK-MaSNL
005 20260302084101.0
008 240226s2015 xo a g h 000 0cslo
015 |a SNBA2015/07 
020 |a 9788089342709  |q (brož.) 
035 |a 40435D88-71F1-4197-81C7-DB86C5AC7A30 
035 |a urn:nbn:sk:snk-amksm3 
035 |a urn:nbn:sk:snk-am0057xq 
040 |a SNK  |b slo  |c SNK  |e AACR2 
041 1 |a slo  |h pol 
044 |a xo  |c SK 
072 7 |a 27  |x Kresťanstvo. Kresťanská cirkev všeobecne. Ekleziológia  |2 konspekt 
072 7 |a 27-78  |x Kresťanské združenia, spolky a organizácie. Rehoľné rády  |2 konspekt 
080 |a 272-36  |2 2001 
080 |a 27-36  |2 2001 
080 |a 27-789.62  |2 2001 
080 |a 929  |2 2001 
080 |a 27-784  |2 2001 
080 |a (092)  |2 2001 
130 0 |a Wybrał ich Bóg.  |l Slovensky  |9 710320 
245 1 0 |a Svetlá pre biednych  |c zostavil Boleslaw Slota a kolektív ; [z poľského originálu ... preložil Viktor Mišuth] 
250 |a 2., dopl. vyd. 
260 |a Bratislava  |b Redemptoristi - Slovo medzi nami  |c 2015 
300 |a 225 s.  |b ilustr.  |c 21 cm 
650 0 7 |a katolícki svätci  |2 SNKPH  |9 1993 
650 0 7 |a blahoslavení  |2 SNKPH  |9 114735 
650 0 7 |a redemptoristi  |2 SNKPH  |9 19161 
650 0 7 |a kresťanské spoločenstvá  |2 SNKPH  |9 24039 
650 0 7 |a Catholic saints  |2 SNKPHeng  |9 332783 
650 0 7 |a Blessed  |2 SNKPHeng  |9 105950 
650 0 7 |a Redemptorists  |2 SNKPHeng  |9 324863 
650 0 7 |a Christian groups  |2 SNKPHeng  |9 312628 
655 7 |a biografie  |2 SNKPH  |9 27965 
655 7 |a Biographs  |2 SNKPHeng  |9 371649 
700 1 |a Slota, Bolesław  |4 com  |9 710322 
700 1 |a Mišút, Viktor  |4 trl  |9 710323 
852 |a Štátna vedecká knižnica v Banskej Bystrici 
919 |a 978-80-89342-70-9 
958 |a NT 
958 |a OP 
968 |b POL 
999 |c 1186613  |d 1188543 
952 |a SNK  |b SNK  |y PREZ  |7 0  |p 17A1160172  |o snkSC 165058  |i snk2015/18577  |8 0  |0 0  |1 0  |4 0  |d 2015-06-15  |f 1  |l 0  |r 2026-02-24 21:58:14  |w 2026-02-24 
952 |a SNK  |b SNK  |y VYP  |7 0  |p 17A1160171  |o snkSC 165058 D1  |i snk2015/18578  |8 0  |0 0  |1 0  |4 0  |d 2015-06-15  |l 0  |r 2026-02-24 21:58:14  |w 2026-02-24